<?xml version="1.0" encoding="UTF-8"?><?xml-stylesheet type="text/xsl" href="static/style.xsl"?><OAI-PMH xmlns="http://www.openarchives.org/OAI/2.0/" xmlns:xsi="http://www.w3.org/2001/XMLSchema-instance" xsi:schemaLocation="http://www.openarchives.org/OAI/2.0/ http://www.openarchives.org/OAI/2.0/OAI-PMH.xsd"><responseDate>2026-04-13T00:54:23Z</responseDate><request verb="GetRecord" identifier="oai:www.recercat.cat:2117/331677" metadataPrefix="marc">https://recercat.cat/oai/request</request><GetRecord><record><header><identifier>oai:recercat.cat:2117/331677</identifier><datestamp>2025-07-22T23:47:59Z</datestamp><setSpec>com_2072_1033</setSpec><setSpec>col_2072_452951</setSpec></header><metadata><record xmlns="http://www.loc.gov/MARC21/slim" xmlns:dcterms="http://purl.org/dc/terms/" xmlns:xsi="http://www.w3.org/2001/XMLSchema-instance" xmlns:doc="http://www.lyncode.com/xoai" xsi:schemaLocation="http://www.loc.gov/MARC21/slim http://www.loc.gov/standards/marcxml/schema/MARC21slim.xsd">
   <leader>00925njm 22002777a 4500</leader>
   <datafield ind2=" " ind1=" " tag="042">
      <subfield code="a">dc</subfield>
   </datafield>
   <datafield ind2=" " ind1=" " tag="720">
      <subfield code="a">Gómez Prieto, Marc</subfield>
      <subfield code="e">author</subfield>
   </datafield>
   <datafield ind2=" " ind1=" " tag="260">
      <subfield code="c">2020-06</subfield>
   </datafield>
   <datafield ind2=" " ind1=" " tag="520">
      <subfield code="a">L’objectiu d’aquest projecte és dissenyar un centre d’atenció primària i de primers auxilis amb una&#xd;
estructura formada per contenidors marítims que estan en desús.&#xd;
Per aconseguir-ho, s’han dut a terme diferents tasques perquè sigui transitable i pugui abastir totes&#xd;
les funcions sanitàries corresponents. Des de la instal·lacions de portes i finestres, l’adequació&#xd;
d’espais perquè els professionals tant sanitaris com no sanitaris puguin realitzar les seves feines&#xd;
sense impossibilitats de mobilitat i que tota persona pugui accedir-hi sense gaires complicacions ni&#xd;
sense estar en un ambient desagradable.&#xd;
L’altra qüestió és que hem aprofitat aquesta reutilització de contenidors per estalviar en altres&#xd;
aspectes constructius. I sumat a la implementació de mesures per reduir consum, ser autosuficients&#xd;
energèticament i disminuir les pèrdues, s’ha dissenyat un centre sostenible sense perdre el confort&#xd;
ni qualitat en els serveis que s’ofereixen per un valor menor a 250.000€.</subfield>
   </datafield>
   <datafield tag="653" ind2=" " ind1=" ">
      <subfield code="a">Àrees temàtiques de la UPC::Ciències de la salut::Medicina::Medicina comunitària i salut pública</subfield>
   </datafield>
   <datafield tag="653" ind2=" " ind1=" ">
      <subfield code="a">Àrees temàtiques de la UPC::Arquitectura::Arquitectura sostenible</subfield>
   </datafield>
   <datafield tag="653" ind2=" " ind1=" ">
      <subfield code="a">Unitized cargo systems</subfield>
   </datafield>
   <datafield tag="653" ind2=" " ind1=" ">
      <subfield code="a">Recycling (Waste, etc.)</subfield>
   </datafield>
   <datafield tag="653" ind2=" " ind1=" ">
      <subfield code="a">Ambulatory medical care</subfield>
   </datafield>
   <datafield tag="653" ind2=" " ind1=" ">
      <subfield code="a">Contenidors</subfield>
   </datafield>
   <datafield tag="653" ind2=" " ind1=" ">
      <subfield code="a">Reciclatge (Residus, etc.)</subfield>
   </datafield>
   <datafield tag="653" ind2=" " ind1=" ">
      <subfield code="a">Centres d'atenció primària</subfield>
   </datafield>
   <datafield ind2="0" ind1="0" tag="245">
      <subfield code="a">Estudi i implementació d'una unitat d'atenció primària o primers auxilis a partir de la reutilització de contenidors marítims</subfield>
   </datafield>
</record></metadata></record></GetRecord></OAI-PMH>